000 00987nam a22002771a 4500
003 DO-SdBNP
005 20240306073901.0
007 ta
008 220602b2018 dr a|||| |||| 00| 0 spa d
020 _a9789945911107
040 _aDO-SdBNP
_bspa
_cBNPHU
082 4 _a843.3
_bG216p
_222
100 1 _aGarcía Cartagena, Manuel
_d1961-
_912067
245 1 0 _aPara leer Nadja, de André Breton /
_cManuel García Cartagena ; prólogo José Mármol.
260 _aSanto Domingo :
_bBangó,
_c2018.
300 _a239 p. :
_bil. ;
_c23 cm.
500 _aIncluye datos biográficos del autor en las solapas
500 _aLa biblioteca posee 3 ejemplares autográfiados
590 _aInventariado, 2022/BT
600 4 _aBreton, Andre
_d1896-1966
_xCrítica e interpretación
_981820
650 4 _aNovela francesa
_91075
650 4 _aLiteratura francesa
_91074
700 1 _aMármol, José,
_d1960-
_epról.
_96454
910 _aBtavárez/Validado. Control de calidad MFF
942 _2ddc
_cLBS1
999 _c51903
_d51903